| 000 | 00648nam a2200217 a 4500 | ||
|---|---|---|---|
| 999 |
_c5916 _d5916 |
||
| 001 | 5916 | ||
| 003 | BD-JhCC | ||
| 005 | 20171231133725.0 | ||
| 008 | 171230s1967 enk |||| ||a| 00| 0 eng d | ||
| 035 | _a(BD-JhCC)5916 | ||
| 040 |
_aBD-JhCC _dBD-JhCC |
||
| 041 | _aeng | ||
| 082 |
_a519.5 _bALI 1992 |
||
| 100 | _aআলী, মোঃ আকবর | ||
| 245 |
_aতত্ত্বীয় পরিসংখ্যান / _cমোঃ আকবর আলী |
||
| 260 |
_aঢাকা : _bনিশাত প্রিন্টর্স, _c1992. |
||
| 300 |
_a723 p. : _bills; _c21 cm. |
||
| 650 | _aStatistics | ||
| 942 |
_2ddc _cBK |
||